000 nam a22 7a 4500
999 _c7728
_d7728
008 171005b xxu||||| |||| 00| 0 eng d
020 _a9780008167905
245 _aOne choice can transform you
260 _aUSA
_bHarper Collins Publication
_c2011